[Event "26th Klatovy B 2018"]
[Site "Klatovy CZE"]
[Date "2018.06.30"]
[Round "1.1"]
[White "Kotal, Vit"]
[Black "Danko, Jiri"]
[Result "0-1"]
[WhiteElo "1464"]
[BlackElo "1954"]
[PlyCount "42"]
[EventDate "2018.06.30"]
[EventType "swiss"]
[EventRounds "9"]
[EventCountry "CZE"]

1. e4 e5 2. Nf3 Nc6 3. Bc4 Nf6 4. O-O Nxe4 5. Re1 d5 6. Bb5 Bc5 7. d4 exd4 8. Nxd4 O-O 9. Be3 Nxd4 10. Bxd4 Bd6 11. Nd2 f5 12. Nf3 c6 13. Bf1 Qc7 14. c4 c5 15. Be3 d4 16. Bc1 Bd7 17. g3 Bc6 18. Ng5 Nxg5 19. Bxg5 f4 20. Bd3 fxg3 21. Bxh7+ Kxh7 0-1

[Event "26th Klatovy B 2018"]
[Site "Klatovy CZE"]
[Date "2018.06.30"]
[Round "1.2"]
[White "Masek, Jan"]
[Black "Vavrinkova, Anna"]
[Result "1-0"]
[WhiteElo "1948"]
[BlackElo "1463"]
[PlyCount "51"]
[EventDate "2018.06.30"]
[EventType "swiss"]
[EventRounds "9"]
[EventCountry "CZE"]

1. e4 e5 2. Nf3 Nf6 3. d3 Nc6 4. h3 Be7 5. Be2 O-O 6. O-O d5 7. exd5 Nxd5 8. Re1 Re8 9. Bf1 Bf8 10. Nbd2 Nb6 11. a4 a5 12. b3 Qf6 13. Bb2 Bf5 14. Ne4 Bxe4 15. Rxe4 Rad8 16. Qe2 g6 17. Nxe5 Bg7 18. Ng4 Qxb2 19. Rxe8+ Rxe8 20. Qxe8+ Bf8 21. Nh6+ Kg7 22. Qxf7+ Kxh6 23. Qxf8+ Kh5 24. Be2+ Kg5 25. f4+ Kh4 26. Qh6+ 1-0

[Event "26th Klatovy B 2018"]
[Site "Klatovy CZE"]
[Date "2018.06.30"]
[Round "1.3"]
[White "Zeman, Lukas"]
[Black "Kovar, Petr2"]
[Result "1-0"]
[WhiteElo "1460"]
[BlackElo "1944"]
[PlyCount "52"]
[EventDate "2018.06.30"]
[EventType "swiss"]
[EventRounds "9"]
[EventCountry "CZE"]

1. e4 c5 2. Nf3 d6 3. d4 cxd4 4. Nxd4 Nf6 5. Nc3 a6 6. Be3 e6 7. Be2 Nbd7 8. O-O Qc7 9. Kh1 b5 10. a3 Bb7 11. f3 Be7 12. Qd2 O-O 13. Rg1 Rad8 14. g4 Ne5 15. g5 Nfd7 16. f4 Nc4 17. Bxc4 bxc4 18. h4 Nc5 19. Qg2 f5 20. gxf6 Bxf6 21. Rad1 Qe7 22. h5 Rd7 23. h6 g6 24. f5 Bxd4 25. Bxd4 Rxf5 26. Bxc5 Rh5+ 1-0

[Event "26th Klatovy B 2018"]
[Site "Klatovy CZE"]
[Date "2018.06.30"]
[Round "1.4"]
[White "Kastner, Jan"]
[Black "Souralova, Venuse"]
[Result "1-0"]
[WhiteElo "1930"]
[BlackElo "1453"]
[PlyCount "63"]
[EventDate "2018.06.30"]
[EventType "swiss"]
[EventRounds "9"]
[EventCountry "CZE"]

1. d4 d5 2. Nf3 Nf6 3. Bf4 e6 4. e3 Be7 5. Bd3 O-O 6. Nbd2 b6 7. O-O Bb7 8. Rc1 Nbd7 9. c3 Rc8 10. Re1 c5 11. Ne5 Nxe5 12. Bxe5 Bd6 13. f4 Bxe5 14. fxe5 Ne4 15. Bxe4 dxe4 16. Qg4 f5 17. exf6 Rxf6 18. Rf1 Rg6 19. Qf4 Rc7 20. Qe5 Qg5 21. Qxg5 Rxg5 22. dxc5 Rcxc5 23. Nb3 Rcd5 24. Nd4 Rg6 25. c4 Rdg5 26. Rf2 e5 27. Nb5 a6 28. Rd1 h6 29. Rd8+ Kh7 30. Nd6 Rxd6 31. Rxd6 Rg6 32. Rfd2 1-0

[Event "26th Klatovy B 2018"]
[Site "Klatovy CZE"]
[Date "2018.06.30"]
[Round "1.5"]
[White "Vilimek, Vit"]
[Black "Zidu, Jan"]
[Result "0-1"]
[WhiteElo "1448"]
[BlackElo "1913"]
[PlyCount "46"]
[EventDate "2018.06.30"]
[EventType "swiss"]
[EventRounds "9"]
[EventCountry "CZE"]

1. e4 c5 2. Nf3 d6 3. d4 cxd4 4. Nxd4 Nf6 5. Nc3 a6 6. Bc4 e6 7. Be3 b5 8. Bb3 b4 9. Nce2 Nxe4 10. Nf3 Nc6 11. Bd5 exd5 12. Qxd5 Nxf2 13. O-O Qc7 14. Rxf2 Be6 15. Qd3 Be7 16. Nfd4 O-O 17. Qe4 Ne5 18. Nxe6 fxe6 19. Bf4 Qc4 20. Nd4 Ng4 21. Rf3 e5 22. Be3 Nxe3 23. b3 Qxd4 0-1

[Event "26th Klatovy B 2018"]
[Site "Klatovy CZE"]
[Date "2018.06.30"]
[Round "1.6"]
[White "Zednik, Zdenek"]
[Black "Dolejs, Jakub"]
[Result "1-0"]
[WhiteElo "1913"]
[BlackElo "1447"]
[PlyCount "47"]
[EventDate "2018.06.30"]
[EventType "swiss"]
[EventRounds "9"]
[EventCountry "CZE"]

1. c4 e5 2. Nc3 Nc6 3. g3 Nf6 4. Bg2 Be7 5. e3 d6 6. Nd5 Be6 7. Ne2 Bxd5 8. cxd5 Nb8 9. Qb3 Qc8 10. d4 O-O 11. dxe5 dxe5 12. d6 Bxd6 13. Bxb7 Qd7 14. Bxa8 Na6 15. Bg2 Bb4+ 16. Nc3 Nc5 17. Qc2 Nd3+ 18. Ke2 Rd8 19. Rd1 Bxc3 20. Rxd3 Qb5 21. bxc3 e4 22. Bxe4 Nxe4 23. c4 Qh5+ 24. Ke1 1-0

[Event "26th Klatovy B 2018"]
[Site "Klatovy CZE"]
[Date "2018.06.30"]
[Round "1.7"]
[White "Soucek, Jan"]
[Black "Kanka, Matej 2000"]
[Result "0-1"]
[WhiteElo "1440"]
[BlackElo "1905"]
[PlyCount "74"]
[EventDate "2018.06.30"]
[EventType "swiss"]
[EventRounds "9"]
[EventCountry "CZE"]

1. e4 d6 2. d4 Nf6 3. Bd3 g6 4. c4 Bg7 5. Nc3 O-O 6. Nge2 Nbd7 7. O-O e5 8. d5 Nc5 9. Bc2 a5 10. f4 exf4 11. Bxf4 Re8 12. Ng3 Qe7 13. Rb1 Ng4 14. h3 Ne5 15. Qe2 b6 16. Rf2 Ba6 17. Bb3 Ned3 18. Rf3 Nxf4 19. Rxf4 Bd4+ 20. Kh1 Be5 21. Rf3 Bxg3 22. Rxg3 Nxe4 23. Nxe4 Qxe4 24. Qf1 a4 25. Bxa4 Bxc4 26. Qd1 Rxa4 27. Rg4 Qd3 28. Qxa4 Qxb1+ 29. Kh2 b5 30. Qa7 Qxa2 31. Qxc7 Qxb2 32. Rg3 Qe5 33. Qd7 Re7 34. Qd8+ Kg7 35. Kh1 Qxg3 36. Qxe7 Qe5 37. Qh4 Bxd5 0-1

[Event "26th Klatovy B 2018"]
[Site "Klatovy CZE"]
[Date "2018.06.30"]
[Round "1.8"]
[White "Jirasek, Jiri"]
[Black "Tomascik, Petr"]
[Result "1-0"]
[WhiteElo "1903"]
[BlackElo "1427"]
[PlyCount "41"]
[EventDate "2018.06.30"]
[EventType "swiss"]
[EventRounds "9"]
[EventCountry "CZE"]

1. e4 c5 2. Nf3 Nc6 3. d4 cxd4 4. Nxd4 d6 5. Nc3 Bd7 6. Be3 g6 7. Qd2 Bg7 8. O-O-O a6 9. Kb1 Rc8 10. f3 Ne5 11. g4 Nc4 12. Bxc4 Rxc4 13. h4 Rc8 14. h5 Bc6 15. hxg6 fxg6 16. Ne6 Bxc3 17. Qxc3 Bxe4 18. Qxh8 Bxc2+ 19. Ka1 Qa5 20. Rxd6 Bb3 21. Qxg8# 1-0

[Event "26th Klatovy B 2018"]
[Site "Klatovy CZE"]
[Date "2018.06.30"]
[Round "1.9"]
[White "Ruzickova, Helena"]
[Black "Mejzr, Jan"]
[Result "0-1"]
[WhiteElo "1422"]
[BlackElo "1897"]
[PlyCount "84"]
[EventDate "2018.06.30"]
[EventType "swiss"]
[EventRounds "9"]
[EventCountry "CZE"]

1. e4 d5 2. exd5 Nf6 3. Bc4 Bg4 4. f3 Bf5 5. Ne2 Nxd5 6. d3 Nb6 7. Bb3 e5 8. Be3 Bd6 9. O-O O-O 10. Ng3 Bg6 11. Ne4 Be7 12. Nbd2 Nd5 13. Qe2 Nxe3 14. Qxe3 Kh8 15. Nc4 Nd7 16. Kh1 f5 17. Nf2 f4 18. Qe2 Rf5 19. Rad1 Rh5 20. Ng4 Bf6 21. c3 Qf8 22. Bc2 Re8 23. Nd2 Bd8 24. Ne4 Bf5 25. d4 exd4 26. Rxd4 c5 27. Rdd1 Nf6 28. Ngxf6 gxf6 29. Qd2 Qh6 30. g3 Bxe4 31. Bxe4 fxg3 32. Qxh6 Rxh6 33. Rd2 Bc7 34. Bxb7 gxh2 35. Rg2 f5 36. Bd5 Rg6 37. c4 Bf4 38. Rc2 Re7 39. a3 Reg7 40. Rxh2 Bxh2 41. f4 Bxf4 42. Rxf4 Rh6+ 0-1

[Event "26th Klatovy B 2018"]
[Site "Klatovy CZE"]
[Date "2018.06.30"]
[Round "1.10"]
[White "Kohout, Josef 1953"]
[Black "Kadlec, Rudolf"]
[Result "1-0"]
[WhiteElo "1888"]
[BlackElo "1420"]
[PlyCount "73"]
[EventDate "2018.06.30"]
[EventType "swiss"]
[EventRounds "9"]
[EventCountry "CZE"]

1. e4 d5 2. exd5 Nf6 3. c4 c6 4. dxc6 Nxc6 5. d3 e5 6. Nc3 Bc5 7. Be2 O-O 8. Nf3 Re8 9. O-O Nd4 10. Ne4 Nxe4 11. dxe4 Nxe2+ 12. Qxe2 Bg4 13. Be3 Rc8 14. Bxc5 Rxc5 15. b4 Bxf3 16. gxf3 Rc6 17. Kh1 Rh6 18. Rg1 Ree6 19. Rg4 Rh4 20. Rag1 Rxg4 21. Rxg4 Rh6 22. Qe3 Ra6 23. a3 Qd4 24. Qxd4 exd4 25. e5 g6 26. Rxd4 Rxa3 27. Kg2 h5 28. Rd8+ Kg7 29. Rd7 Rc3 30. e6 Kf8 31. Rxf7+ Ke8 32. Rxb7 Rxc4 33. Rxa7 Rxb4 34. Rg7 Rb6 35. Rxg6 Rd6 36. f4 Rd5 37. Rg5 1-0

[Event "26th Klatovy B 2018"]
[Site "Klatovy CZE"]
[Date "2018.06.30"]
[Round "1.11"]
[White "Bauer, Jan 2005"]
[Black "Simacek, Vaclav"]
[Result "1-0"]
[WhiteElo "1415"]
[BlackElo "1868"]
[PlyCount "59"]
[EventDate "2018.06.30"]
[EventType "swiss"]
[EventRounds "9"]
[EventCountry "CZE"]

1. d4 Nf6 2. Nf3 c5 3. e3 Nc6 4. c3 e6 5. Bd3 d5 6. O-O c4 7. Bc2 Bd6 8. Re1 O-O 9. Nbd2 b5 10. e4 dxe4 11. Nxe4 Nxe4 12. Rxe4 f5 13. Re2 Qc7 14. d5 Rd8 15. Kh1 Bf4 16. Qe1 Rxd5 17. Rxe6 Bd7 18. Re2 Rf8 19. Be3 Bd6 20. Rd1 Rxd1 21. Qxd1 f4 22. Qd5+ Kh8 23. Qh5 h6 24. Qg6 Kg8 25. Qh7+ Kf7 26. Qg6+ Kg8 27. Ng5 hxg5 28. Qh7+ Kf7 29. Qh5+ Ke7 30. Bb6+ 1-0

[Event "26th Klatovy B 2018"]
[Site "Klatovy CZE"]
[Date "2018.06.30"]
[Round "1.12"]
[White "Hartmann, Andreas 1969"]
[Black "Garabik, Marek"]
[Result "1-0"]
[WhiteElo "1847"]
[BlackElo "1399"]
[PlyCount "93"]
[EventDate "2018.06.30"]
[EventType "swiss"]
[EventRounds "9"]
[EventCountry "CZE"]

1. c4 c5 2. g3 g6 3. Bg2 Bg7 4. Nf3 Nf6 5. O-O Nc6 6. Nc3 O-O 7. d3 d6 8. Rb1 Rb8 9. a3 a5 10. Bf4 Ne8 11. Ne4 b5 12. b3 b4 13. a4 Nf6 14. Nfd2 Nxe4 15. Nxe4 Bb7 16. Bc1 Ne5 17. Bb2 f5 18. Bxe5 Bxe5 19. Ng5 Bxg2 20. Kxg2 Qd7 21. e3 Bf6 22. Nf3 d5 23. Qe2 dxc4 24. dxc4 e6 25. Rfd1 Qc6 26. Kg1 Rfd8 27. Ne1 Rxd1 28. Rxd1 Rd8 29. Rxd8+ Bxd8 30. Qf3 Qxf3 31. Nxf3 Bf6 32. Ne1 Be5 33. Kg2 Kf7 34. Kf3 Kf6 35. h3 g5 36. e4 h5 37. Nc2 g4+ 38. hxg4 fxg4+ 39. Ke3 Kg5 40. f4+ gxf3 41. Kxf3 h4 42. gxh4+ Kxh4 43. Ne1 Kg5 44. Nd3 Bd6 45. e5 Be7 46. Ke4 Kg4 47. Nf4 1-0

[Event "26th Klatovy B 2018"]
[Site "Klatovy CZE"]
[Date "2018.06.30"]
[Round "1.13"]
[White "Celovsky, Jan"]
[Black "Perik, Alois"]
[Result "1/2-1/2"]
[WhiteElo "1397"]
[BlackElo "1832"]
[PlyCount "41"]
[EventDate "2018.06.30"]
[EventType "swiss"]
[EventRounds "9"]
[EventCountry "CZE"]

1. e4 c6 2. d4 d5 3. Nc3 dxe4 4. Nxe4 Bf5 5. Ng3 Bg6 6. Nf3 e6 7. Bd3 Bxd3 8. Qxd3 Nd7 9. Bf4 Ngf6 10. O-O Nd5 11. Bd2 Bd6 12. Ne4 Bf4 13. c4 Bxd2 14. Nfxd2 N5f6 15. Nd6+ Kf8 16. Qf3 Qe7 17. c5 Nd5 18. N2e4 N5f6 19. Rfe1 Nxe4 20. Rxe4 g6 21. Rae1 1/2-1/2

[Event "26th Klatovy B 2018"]
[Site "Klatovy CZE"]
[Date "2018.06.30"]
[Round "1.14"]
[White "Vachal, Josef1"]
[Black "Janous, Marek"]
[Result "1-0"]
[WhiteElo "1829"]
[BlackElo "1394"]
[PlyCount "51"]
[EventDate "2018.06.30"]
[EventType "swiss"]
[EventRounds "9"]
[EventCountry "CZE"]

1. d4 Nf6 2. Nf3 g6 3. c4 Bg7 4. Nc3 O-O 5. e4 d6 6. Be2 e5 7. d5 a5 8. h3 Na6 9. Be3 Ne8 10. Qd2 f5 11. exf5 gxf5 12. Bg5 Nf6 13. O-O-O Qe8 14. Nh4 Nc5 15. f3 f4 16. g4 fxg3 17. Rdg1 Nh5 18. Ne4 Nxe4 19. fxe4 Kh8 20. Bh6 Rg8 21. Bg4 Bxg4 22. hxg4 Bxh6 23. Qxh6 Nf4 24. Qf6+ Rg7 25. Nf5 Qf8 26. Rxh7+ 1-0

[Event "26th Klatovy B 2018"]
[Site "Klatovy CZE"]
[Date "2018.06.30"]
[Round "1.15"]
[White "Fekete, Frantisek 1941"]
[Black "Rezac, Jindrich"]
[Result "1/2-1/2"]
[WhiteElo "1383"]
[BlackElo "1806"]
[PlyCount "35"]
[EventDate "2018.06.30"]
[EventType "swiss"]
[EventRounds "9"]
[EventCountry "CZE"]

1. e4 c5 2. Nc3 Nc6 3. g3 g6 4. Bg2 Bg7 5. d3 d6 6. f4 f5 7. Nf3 Nf6 8. O-O O-O 9. Be3 Ng4 10. Bd2 Nd4 11. h3 Nxf3+ 12. Bxf3 Bd4+ 13. Kg2 Ne3+ 14. Bxe3 Bxe3 15. Nd5 Bd4 16. c3 Bg7 17. Qb3 e6 18. Ne3 1/2-1/2

[Event "26th Klatovy B 2018"]
[Site "Klatovy CZE"]
[Date "2018.06.30"]
[Round "1.16"]
[White "Lener, Jaroslav 1975"]
[Black "Pecka, Jan"]
[Result "1/2-1/2"]
[WhiteElo "1792"]
[BlackElo "1383"]
[PlyCount "47"]
[EventDate "2018.06.30"]
[EventType "swiss"]
[EventRounds "9"]
[EventCountry "CZE"]

1. c4 Nf6 2. Nc3 c5 3. Nf3 Nc6 4. e3 g6 5. d4 cxd4 6. exd4 d5 7. c5 Bg7 8. Bb5 O-O 9. O-O Bg4 10. Be2 e6 11. Be3 Bxf3 12. Bxf3 Nd7 13. Rc1 Ndb8 14. Qa4 Qa5 15. Qxa5 Nxa5 16. Nb5 Nbc6 17. Rfd1 a6 18. Nc3 Ne7 19. Na4 Nac6 20. Nc3 Nf5 21. Be2 h5 22. g3 Kh7 23. Rd3 Rab8 24. a3 1/2-1/2

[Event "26th Klatovy B 2018"]
[Site "Klatovy CZE"]
[Date "2018.06.30"]
[Round "1.17"]
[White "Lang, Simon"]
[Black "Vavrinek, Tomas"]
[Result "1/2-1/2"]
[WhiteElo "1381"]
[BlackElo "1785"]
[PlyCount "50"]
[EventDate "2018.06.30"]
[EventType "swiss"]
[EventRounds "9"]
[EventCountry "CZE"]

1. e4 c5 2. Nf3 Nc6 3. d4 cxd4 4. Nxd4 Nf6 5. Nc3 e5 6. Ndb5 Bb4 7. a3 Bxc3+ 8. Nxc3 O-O 9. Bb5 Nd4 10. Bc4 Qc7 11. b3 b5 12. Nd5 Nxd5 13. Bxd5 Nxc2+ 14. Ke2 Nxa1 15. Bxa8 Ba6 16. Bd5 Rc8 17. b4 Bb7 18. Be3 Bxd5 19. Qxd5 Nc2 20. Rc1 a6 21. Qd2 Qc4+ 22. Qd3 Nd4+ 23. Ke1 Qxc1+ 24. Bxc1 Rxc1+ 25. Kd2 Rc4 1/2-1/2

[Event "26th Klatovy B 2018"]
[Site "Klatovy CZE"]
[Date "2018.06.30"]
[Round "1.18"]
[White "Novotny, Jaromir"]
[Black "Stanke, Petr"]
[Result "1-0"]
[WhiteElo "1780"]
[BlackElo "1378"]
[PlyCount "47"]
[EventDate "2018.06.30"]
[EventType "swiss"]
[EventRounds "9"]
[EventCountry "CZE"]

1. e4 e6 2. d4 d5 3. exd5 exd5 4. Bd3 Bd6 5. Nc3 Ne7 6. Bg5 f6 7. Bh4 Nbc6 8. Nge2 Be6 9. Nb5 a6 10. Nxd6+ Qxd6 11. c3 Bf5 12. O-O O-O 13. Bg3 Qd7 14. Qc2 b5 15. Rfe1 Rfe8 16. Bxf5 Nxf5 17. Bxc7 Nd6 18. Bxd6 Qxd6 19. Qd2 Rac8 20. Ng3 Na5 21. Rxe8+ Rxe8 22. Re1 Rc8 23. Nf5 Qd7 24. Ne7+ 1-0

[Event "26th Klatovy B 2018"]
[Site "Klatovy CZE"]
[Date "2018.06.30"]
[Round "1.19"]
[White "Stanke, Vilem"]
[Black "Krupansky, Jaromir"]
[Result "0-1"]
[WhiteElo "1366"]
[BlackElo "1765"]
[PlyCount "52"]
[EventDate "2018.06.30"]
[EventType "swiss"]
[EventRounds "9"]
[EventCountry "CZE"]

1. e4 c5 2. Nf3 Nc6 3. d4 cxd4 4. Nxd4 g6 5. Be3 Bg7 6. Nxc6 bxc6 7. c3 Nf6 8. Bd3 O-O 9. Nd2 d5 10. exd5 cxd5 11. O-O e5 12. Nb3 Qc7 13. Rc1 Ng4 14. Be2 Nxe3 15. fxe3 Be6 16. Qc2 Rac8 17. Nd2 Qb6 18. Rf3 e4 19. Rf2 Qxe3 20. Nf1 Qb6 21. Bd1 Bd4 22. Qd2 Bxf2+ 23. Qxf2 Qxf2+ 24. Kxf2 d4 25. a3 Rc7 26. Bc2 dxc3 0-1

[Event "26th Klatovy B 2018"]
[Site "Klatovy CZE"]
[Date "2018.06.30"]
[Round "1.20"]
[White "Finek, Vaclav"]
[Black "Prazak, Daniel"]
[Result "1-0"]
[WhiteElo "1763"]
[BlackElo "1364"]
[PlyCount "111"]
[EventDate "2018.06.30"]
[EventType "swiss"]
[EventRounds "9"]
[EventCountry "CZE"]

1. e4 c6 2. d4 d5 3. exd5 cxd5 4. Nf3 Bg4 5. Be2 Nc6 6. O-O Nf6 7. c3 e6 8. h3 Bh5 9. Ne5 Bxe2 10. Qxe2 Be7 11. Bf4 O-O 12. Nd2 Qb6 13. Ndf3 Rac8 14. Rfe1 a6 15. Rad1 Rfd8 16. Nxf7 Nxd4 17. Nxd4 Kxf7 18. Nxe6 Re8 19. Ng5+ Kg8 20. Qc2 h6 21. Nf3 Ne4 22. Rxd5 Nf6 23. Rde5 Bd6 24. Rxe8+ Rxe8 25. Rxe8+ Nxe8 26. Qg6 Kf8 27. Nd4 Bc5 28. Qf5+ Kg8 29. Qc8 Kf7 30. Qd7+ Be7 31. Qd5+ Kf8 32. Ne6+ Kg8 33. Ng5+ Kh8 34. Nf7+ Kh7 35. Qe4+ Qg6 36. Qxe7 Nf6 37. Qxb7 Qb1+ 38. Kh2 Qxa2 39. Nxh6 Qd5 40. Qxa6 Nh5 41. Qd6 Nxf4 42. Qxd5 Nxd5 43. Ng4 Kg8 44. c4 Nc7 45. b4 Kf7 46. Kg3 Ke6 47. Kf4 Kd6 48. Ne3 Ne6+ 49. Ke4 g6 50. f4 Nc7 51. f5 g5 52. Nd5 Na6 53. c5+ Kc6 54. f6 Nxb4 55. Nxb4+ Kd7 56. c6+ 1-0

[Event "26th Klatovy B 2018"]
[Site "Klatovy CZE"]
[Date "2018.06.30"]
[Round "1.21"]
[White "Kalista, Frantisek"]
[Black "Chmelik, Ladislav"]
[Result "0-1"]
[WhiteElo "1360"]
[BlackElo "1761"]
[PlyCount "56"]
[EventDate "2018.06.30"]
[EventType "swiss"]
[EventRounds "9"]
[EventCountry "CZE"]

1. d4 Nf6 2. c4 d5 3. e3 e6 4. Nf3 b6 5. Be2 Bb7 6. O-O Bd6 7. Nc3 O-O 8. a3 Nbd7 9. Re1 c5 10. cxd5 Nxd5 11. e4 Nxc3 12. bxc3 Bxe4 13. Bb2 Qc7 14. g3 Rfd8 15. Kg2 Rac8 16. Bd3 Bxd3 17. Qxd3 cxd4 18. Nxd4 Ne5 19. Qc2 Bc5 20. Re2 Bxd4 21. cxd4 Qxc2 22. Rxc2 Rxc2 23. Rb1 Nd3 24. Kf3 Rxb2 25. Rd1 Nxf2 26. Rf1 Rxd4 27. Rxf2 Rxf2+ 28. Kxf2 Ra4 0-1

[Event "26th Klatovy B 2018"]
[Site "Klatovy CZE"]
[Date "2018.06.30"]
[Round "1.22"]
[White "Cyron, Karel"]
[Black "Filip, Petr 1952"]
[Result "1-0"]
[WhiteElo "1756"]
[BlackElo "1354"]
[PlyCount "103"]
[EventDate "2018.06.30"]
[EventType "swiss"]
[EventRounds "9"]
[EventCountry "CZE"]

1. e4 e5 2. Nf3 Nc6 3. Bb5 Nge7 4. O-O a6 5. Ba4 b5 6. Bb3 d5 7. Nc3 Bg4 8. exd5 Nd4 9. Re1 Ng6 10. Nxe5 Bxd1 11. Nc6+ Be7 12. Nxd8 Rxd8 13. Rxd1 O-O 14. Re1 Bd6 15. d3 Rfe8 16. Bg5 f6 17. Be3 Nxb3 18. axb3 Ra8 19. Ne4 Bf4 20. g3 Bxe3 21. Rxe3 Ne5 22. Nc5 a5 23. Ne6 Ra7 24. h3 c6 25. Nd4 cxd5 26. f4 b4 27. fxe5 fxe5 28. Nb5 Rd7 29. Rxa5 d4 30. Re2 Rde7 31. Nd6 Rf8 32. Raxe5 Rd7 33. Nc4 h6 34. Kg2 Ra7 35. Ra5 Raf7 36. Rae5 Ra7 37. Re8 Ra1 38. Rxf8+ Kxf8 39. Kf3 g6 40. Rf2 Kg7 41. h4 Rg1 42. Ne5 Re1 43. Re2 Rf1+ 44. Rf2 Re1 45. Nc6 Re3+ 46. Kg2 h5 47. Nxd4 Kh6 48. Nc6 g5 49. hxg5+ Kxg5 50. Nxb4 Kg4 51. Rf4+ Kg5 52. Re4 1-0

[Event "26th Klatovy B 2018"]
[Site "Klatovy CZE"]
[Date "2018.06.30"]
[Round "1.23"]
[White "Koci, Milos"]
[Black "Flajsman, Petr"]
[Result "0-1"]
[WhiteElo "1345"]
[BlackElo "1753"]
[PlyCount "108"]
[EventDate "2018.06.30"]
[EventType "swiss"]
[EventRounds "9"]
[EventCountry "CZE"]

1. d4 Nf6 2. Bf4 e6 3. Nf3 d5 4. e3 c5 5. c3 Bd7 6. Be2 Nc6 7. Nbd2 Qb6 8. Qb3 c4 9. Qxb6 axb6 10. a3 b5 11. O-O Be7 12. h3 O-O 13. Ne5 Nxe5 14. Bxe5 Bc6 15. Rfe1 Nd7 16. Bg3 f5 17. Nf3 Ra6 18. Ne5 Rfa8 19. Nxc6 bxc6 20. Rab1 c5 21. dxc5 Bxc5 22. Red1 Nf6 23. Bf3 g5 24. Be5 Nd7 25. Bg3 Bd6 26. Bxd6 Rxd6 27. g3 Ne5 28. Bg2 Kf7 29. e4 Nd3 30. exd5 exd5 31. Bf1 Nc5 32. Bg2 Rad8 33. Bf3 Nb3 34. Bh5+ Kf6 35. Re1 d4 36. cxd4 Nxd4 37. Re8 Rxe8 38. Bxe8 Rd8 39. Bh5 Ne6 40. Rd1 Rxd1+ 41. Bxd1 Nc5 42. Kf1 Ke5 43. Ke2 Ne6 44. Ke3 f4+ 45. Kd2 fxg3 46. fxg3 Kd4 47. Bg4 Nc5 48. Bf5 h6 49. Bc2 Nd7 50. Bg6 Nf6 51. g4 Nd5 52. Be8 Kc5 53. Bg6 Nf4 54. Kc3 Nxg6 0-1

[Event "26th Klatovy B 2018"]
[Site "Klatovy CZE"]
[Date "2018.06.30"]
[Round "1.24"]
[White "Schille, Hannes"]
[Black "Juhanak, Daniel"]
[Result "1/2-1/2"]
[WhiteElo "1750"]
[BlackElo "1317"]
[PlyCount "58"]
[EventDate "2018.06.30"]
[EventType "swiss"]
[EventRounds "9"]
[EventCountry "CZE"]

1. d4 d5 2. Bf4 Nf6 3. Nf3 g6 4. e3 Bg7 5. c3 O-O 6. Bd3 Nbd7 7. O-O Nh5 8. Bg3 Nxg3 9. hxg3 c5 10. Nbd2 b6 11. e4 cxd4 12. cxd4 dxe4 13. Bxe4 Rb8 14. Qa4 a5 15. Bc6 Nf6 16. Rfe1 Bb7 17. Bxb7 Rxb7 18. Qb5 Nd5 19. Rac1 Qd7 20. Qxd7 Rxd7 21. a3 Bh6 22. Rc6 Rdd8 23. Rec1 f5 24. R1c2 Rf6 25. Rc8 Rxc8 26. Rxc8+ Rf8 27. Rxf8+ Kxf8 28. Nc4 a4 29. Ne1 b5 1/2-1/2

[Event "26th Klatovy B 2018"]
[Site "Klatovy CZE"]
[Date "2018.06.30"]
[Round "1.25"]
[White "Filip, Stepan"]
[Black "Vavrinkova, Eliska"]
[Result "0-1"]
[WhiteElo "1307"]
[BlackElo "1746"]
[PlyCount "76"]
[EventDate "2018.06.30"]
[EventType "swiss"]
[EventRounds "9"]
[EventCountry "CZE"]

1. e4 d5 2. exd5 Qxd5 3. Nc3 Qd6 4. d4 Nf6 5. Nf3 a6 6. g3 Bg4 7. Bg2 Nc6 8. Bf4 Qd7 9. O-O O-O-O 10. a3 e6 11. b4 Nxd4 12. Qxd4 Qxd4 13. Nxd4 Rxd4 14. b5 a5 15. Be5 Rd7 16. f3 Bf5 17. Bxf6 gxf6 18. Ne4 Be7 19. Rfd1 Rhd8 20. Rxd7 Rxd7 21. a4 e5 22. Rb1 Be6 23. Bf1 f5 24. Nf2 Bc5 25. Kg2 Rd2 26. c4 Rxf2+ 27. Kh1 e4 28. fxe4 fxe4 29. Re1 Bg4 30. Bg2 f5 31. h3 Bf3 32. Bxf3 Rxf3 33. g4 fxg4 34. hxg4 e3 35. Kg2 Rf2+ 36. Kg3 Bd6+ 37. Kh4 e2 38. g5 Bb4 0-1

[Event "26th Klatovy B 2018"]
[Site "Klatovy CZE"]
[Date "2018.06.30"]
[Round "1.26"]
[White "Nagy, Ladislav"]
[Black "Lhotsky, Zdenek 1966"]
[Result "1-0"]
[WhiteElo "1740"]
[BlackElo "1305"]
[PlyCount "71"]
[EventDate "2018.06.30"]
[EventType "swiss"]
[EventRounds "9"]
[EventCountry "CZE"]

1. Nf3 Nf6 2. g3 c6 3. Bg2 d5 4. O-O e5 5. d3 Bd6 6. b3 O-O 7. Bb2 Re8 8. Nbd2 Bf5 9. e3 h6 10. a3 Nbd7 11. Re1 Qc7 12. e4 dxe4 13. Nxe4 Nxe4 14. dxe4 Bh7 15. b4 Rad8 16. c4 c5 17. Qb3 Nf6 18. Nd2 b6 19. b5 Re7 20. Nb1 Ne8 21. Nc3 Nf6 22. Re2 Qd7 23. Rd1 Qc7 24. Rd3 Bg6 25. Red2 Bh5 26. f3 Qb8 27. Qd1 Ne8 28. Nd5 Rb7 29. Ne3 f6 30. Nf5 Rbd7 31. Bh3 Kh7 32. Kf2 g6 33. Nh4 Re7 34. g4 Qc8 35. Kg3 g5 36. Nf5 1-0

[Event "26th Klatovy B 2018"]
[Site "Klatovy CZE"]
[Date "2018.06.30"]
[Round "1.27"]
[White "Cervenka, Jakub"]
[Black "Leseticky, Vladimir"]
[Result "0-1"]
[WhiteElo "1300"]
[BlackElo "1730"]
[PlyCount "26"]
[EventDate "2018.06.30"]
[EventType "swiss"]
[EventRounds "9"]
[EventCountry "CZE"]

1. e4 d5 2. exd5 Nf6 3. Nf3 e6 4. d4 exd5 5. Bd3 Be7 6. Bg5 O-O 7. O-O Bg4 8. h3 Bh5 9. Re1 Nc6 10. c3 Ne4 11. Bf4 Bg5 12. Bg3 f5 13. Nbd2 Bxd2 0-1

[Event "26th Klatovy B 2018"]
[Site "Klatovy CZE"]
[Date "2018.06.30"]
[Round "1.28"]
[White "Kuta, Miroslav"]
[Black "Zimmermann, Ladislav"]
[Result "1-0"]
[WhiteElo "1725"]
[BlackElo "1300"]
[PlyCount "99"]
[EventDate "2018.06.30"]
[EventType "swiss"]
[EventRounds "9"]
[EventCountry "CZE"]

1. d4 Nf6 2. c4 d5 3. Nc3 e6 4. Bg5 Be7 5. e3 O-O 6. Nf3 h6 7. Bh4 b6 8. Bd3 Bb7 9. cxd5 Nxd5 10. Bg3 Nxc3 11. bxc3 Nd7 12. O-O a5 13. Qe2 Bd6 14. e4 Bxg3 15. fxg3 Qe7 16. Rac1 c5 17. Nd2 cxd4 18. cxd4 Rac8 19. Ba6 Rb8 20. Rc7 Bxa6 21. Qxa6 Qd6 22. Qc4 b5 23. Qc3 b4 24. Qc4 Nb6 25. Qc5 Qxc5 26. dxc5 Na4 27. Nb3 Ra8 28. e5 Nc3 29. Nc1 Nd5 30. Rb7 f6 31. exf6 Rxf6 32. Re1 a4 33. c6 Rc8 34. Ra7 a3 35. Ra6 Kf7 36. Nd3 Ke7 37. Nc5 Nc7 38. Ra7 Kd6 39. Ne4+ Kxc6 40. Nxf6 gxf6 41. Ra5 Kd7 42. Rc1 Nd5 43. Rxc8 Kxc8 44. Rb5 Kd7 45. Kf2 Kd6 46. Kf3 Ke5 47. h4 h5 48. g4 hxg4+ 49. Kxg4 Ke4 50. h5 1-0

[Event "26th Klatovy B 2018"]
[Site "Klatovy CZE"]
[Date "2018.06.30"]
[Round "1.29"]
[White "Krejbich, Lukas"]
[Black "Boucek, Vlastimil 1968"]
[Result "0-1"]
[WhiteElo "1299"]
[BlackElo "1715"]
[PlyCount "64"]
[EventDate "2018.06.30"]
[EventType "swiss"]
[EventRounds "9"]
[EventCountry "CZE"]

1. e4 e5 2. Nf3 d6 3. Bc4 Be6 4. Be2 Nc6 5. d3 Be7 6. Nc3 Nf6 7. h3 h6 8. O-O Qd7 9. Nh4 Nxe4 10. Nxe4 Bxh4 11. Nc3 Nd4 12. Bg4 Bxg4 13. hxg4 Bg5 14. Be3 Ne6 15. Ne4 a6 16. c3 O-O-O 17. b3 Be7 18. Rc1 g6 19. d4 f5 20. gxf5 gxf5 21. Nd2 f4 22. d5 Ng5 23. Ba7 b6 24. c4 Kb7 25. Bxb6 cxb6 26. a4 a5 27. Qe2 Rdf8 28. Qd3 Qf5 29. Qc3 f3 30. c5 bxc5 31. Rfe1 Qg4 32. Nxf3 Nxf3+ 0-1